1456 1665 1112 1095 1608 1222 1461 1386 1117 1141 1489 1443 1909 1129 1336 1627 1226 1292 1099 1322 1168 1268 1526 1823 1321 1442 1385 1481 1895 1448 1455 1023 1367 1021 1704 1172 1888 1501 1095 1057 1287 1225 1386 1966 1317 1511 1489 1455 1850 1321 1820 1425 1935 1120 1249 1445 1678 1207 1377 1344 1587 1467 1388 1931 1398 1791 1746 1925 1141 1710 1222 1927 1826 1965 1307 1898 1162 1970 1287 1789 1152 1904 1795 1578 1873 1327 1443 1996 1388 1473 1267 1590 1737 1981 1460 1710 1347 1509 1441 BCNSPRNW ULIB Ver.6.0+V

เปลี่ยนเป็นภาษาไทย

Change to English
 แสดงรายละเอียดบรรณานุกรม
  กลับหน้าหลัก

Brief Record : Get Marc (ISO 2709) : E-mail record : QR code < ปิดหน้าต่าง
LEADER : 00000nam 2200000uu 4500
001    13399125677
003     ULIB
008    170714s2558||||th 000 0 tha d
020    ^a9786167997247
060  0 ^aWB541^bจ537ก
100 0  ^aจิรายุ ตันตระกูล
245 00 ^aก่อร่าง สร้างกาย-^bBody Shaping /^cจิรายุ ตันตระกูล
260    ^aนนทบุรี :^bสัปปายะ ;^c2558
300    ^a240 หน้า ;^c19 ซม.
650  0 ^aการออกกำลังกาย
945    ^p245^l0^i002661
999    ^aประนอม เกษจรัล
รายการนี้ยังไม่มีแท็ก
คุณยังไม่ได้ล็อกอิน คุณสามารถมีกิจกรรมร่วมกับเว็บไซต์ได้ แต่ต้องล็อกอินก่อน ::
  ล็อกอิน

รายการสื่อสารสนเทศ

ลำดับที่ ประเภท เลขเรียก/บาร์โค้ด สถานที่ สถานะ
1. วิทยาศาสตร์การแพทย์ และสุขภาพ
วิทยาศาสตร์การแพทย์ และสุขภาพ
สถานะ=หนังสือเก่า
WB541 จ537ก ฉ.1 
  Barcode: 002661
ห้องสมุดวิทยาเขตสวรรค์ประชารักษ์
►ส่วนจัดเก็บหนังสือเก่า สปร
บนชั้น
  ขอยืม

รายการใกล้เคียง
    หัวเรื่อง [การออกกำลังกาย]

BibComment


ยังไม่เคยถูกคอมเมนท์

คอมเมนท์ทรัพยากรรายการนี้
  คอมเมนท์: ก่อร่าง สร้างกาย..


 Copyright 2026. Bcnsprnw @Library